Normal view
MARC view
Entry Topical Term
001 - CONTROL NUMBER
- control field: 48474
003 - CONTROL NUMBER IDENTIFIER
- control field: OSt
005 - DATE AND TIME OF LATEST TRANSACTION
- control field: 20240718082541.0
008 - FIXED-LENGTH DATA ELEMENTS
- fixed length control field: 240718|| aca||aabn | a|a d
040 ## - CATALOGING SOURCE
- Original cataloging agency: OSt
- Transcribing agency: OSt
150 ## - HEADING--TOPICAL TERM
- Topical term or geographic name entry element: ပိဋကတ်တိုက်
- Geographic subdivision: မြန်မာ
670 ## - SOURCE DATA FOUND
- Source citation: Work cat.: (OSt)25624: လူဖေဝင်း၊ ဦး။ 25731, မြန်မာပိဋကတ်တိုက်များ /, ၁၉၆၆။